00972nam a2200277 i 4500003000900000005001700009007000300026008004100029020001500070040003000085082001300115100004200128240002800170245008500198264004500283300002900328336002700357337003400384338002800418590002700446700005000473910001400523942001400537952012600551999001700677DO-SdBNP20240923131125.0ta240923s1986 xxu 000 0 spa d a0829708545 aDO-SdBNPbspacBNPHUerda bP4372221 4autaPeretti, Frank E. eautor9866401 aThis present darkness /10aEsta patente oscuridad /cFrank E. Peretti ; traducción Miguel A. Mesías E.  1aMiami, Florida :bEditorial Vida,c1986. a440 páginas, c22 cm. 2rdacontentatextobtxt 2rdamediaasin mediación bn 2rdacarrieravolumenbnc aInventariado, 2024/ YL1 aMesías E., Miguel A. etraducción 986644 aYLockward 2ddccLBS1 00102ddc56708GRaBNPHUbBNPHUcCTd2022-05-18eDonación l0oBNPHU GR P437p2024-5447r2024-09-23w2024-09-23yLBS1 c57738d57738